00618nam a2200205Ia 450000500170000000800410001702000150005804000180007304100080009108200210009910000160012024500990013625000120023526000500024730000290029765000310032665000230035765000140038070000180039420220903100137.0210716s2005 xx 000 0 und d a8121924421 cAIMIT LIBRARY aeng a574.87 21bVERP aVerma, P S. aCell biology genetics molecular biology evolution and ecology /cBy P S Verma and V K Agarwal. a1st ed. aNew Delhi :bS Chand and Company Ltd ,c2005. axxiii, 294p. ;c23.5 cm. aTechniques in cell biology aCytoplasmic matrix aRibosomes aAgarwal, V K.